00385nam a2200121Ia 4500003000500000005001700005008004100022020001500063100002000078245011000098260003700208300001800245sisc20180307161224.0180305s9999 xx 000 0 und d a1568217986 aLevy, Steven T. cSteven T. LevyaPrinciple of Interpretation:bMastering Clear and Concise Interventions in Psychotherapy/ aLondonbJason Aronson Inc.c2002 aiv, 219 Pages